000 00498nam a2200193 a 4500
001 1770904870127
003 YourLibrary
005 20260213123713.0
008 260212s2002##################000#0#eng##
020 _a9780826459268
082 0 4 _a306.46
_bMAC
100 1 _aMacPhee, Graham,
_eauthor.
245 1 0 _aThe Architecture of the Visible :
260 _bBurns & Oates,
_c2002.
300 _a248 pages
650 0 _aMedical.
942 _cENGLISH
040 _aYourLibrary
_beng
_cYourLibrary
999 _c612283
_d612283